| 000 | 00566nam a2200217Ia 4500 | ||
|---|---|---|---|
| 003 | IIN | ||
| 005 | 20250507113017.0 | ||
| 008 | 250507s2022 xx ad 001 0 eng d | ||
| 020 |
_cRs.495.00 _a9789374734964 |
||
| 040 |
_aIIN _bEnglish |
||
| 082 |
_a301 _bJAI |
||
| 100 | 1 | _aJain, Roshni | |
| 245 | 1 |
_aSociology: _ban Introduction to Sociology/ _cRoshni Jain |
|
| 250 | _a2nd ed. | ||
| 260 |
_aDelhi _bAITBS _c2012 |
||
| 300 |
_aviii, 830 p. _bill. |
||
| 500 | _aIncludes Index | ||
| 650 | 1 | _aSociology | |
| 650 | 1 |
_aSociology _vNursing |
|
| 942 | _cBOOK | ||
| 999 |
_c1807 _d1807 |
||